000 00757nam a2200253 a 4500
001 55183
003 BD-RjUL
005 20211209080228.0
008 161114s1964 nyu b 001 0 eng
035 _a(BD-RjUL) 55305
040 _aDLC
_cDLC
_dBD-RjUL
_beng
041 _aeng
082 _223
_a822.33
_bROS 1964
100 1 _aRowse, A.L.
_9164357
245 0 0 _aShakespeare's sonnets /
_cRowse A.L.
260 _aNew York :
_bChelsea House,
_c1964
300 _aviii, 154p. ;
_c24 cm.
490 1 _aModern critical interpretations
500 _aIncludes index.
504 _aBibliography: p. 137-139.
600 1 0 _aShakespeare, William,
_d1564-1616.
_tSonnets.
_9164427
650 0 _aSonnets, English
_xHistory and criticism.
_9164428
942 _2ddc
_cBK
999 _c55183
_d55183